Statistics for FC Barcelona Goalkeeper By Year

Click here to take the quiz!

General Stats

  • This quiz has been taken 676 times
    (349 since last reset)
  • The average score is 26 of 73

Answer Stats

SeasonGoalkeeper% Correct
2022-23Marc-André ter Stegen
100%
2020-21Marc-André ter Stegen
100%
2019-20Marc-André ter Stegen
100%
2018-19Marc-André ter Stegen
100%
2017-18Marc-André ter Stegen
100%
2016-17Marc-André ter Stegen
100%
2021-22Marc-André ter Stegen
100%
2008-09Víctor Valdés
95%
2003-04Víctor Valdés
95%
2004-05Víctor Valdés
95%
2005-06Víctor Valdés
95%
2006-07Víctor Valdés
95%
2007-08Víctor Valdés
95%
2009-10Víctor Valdés
95%
2010-11Víctor Valdés
95%
2011-12Víctor Valdés
95%
2012-13Víctor Valdés
95%
2013-14Víctor Valdés
95%
2014-15Claudio Bravo
81%
2015-16Claudio Bravo
81%
1993-94Andoni Zubizarreta
38%
1987-88Andoni Zubizarreta
38%
1988-89Andoni Zubizarreta
38%
1989-90Andoni Zubizarreta
38%
1990-91Andoni Zubizarreta
38%
1991-92Andoni Zubizarreta
38%
1992-93Andoni Zubizarreta
38%
1986-87Andoni Zubizarreta
38%
1994-95Carles Busquets
21%
1995-96Carles Busquets
21%
1997-98Ruud Hesp
17%
1998-99Ruud Hesp
17%
1999-00Ruud Hesp
17%
2000-01Pepe Reina
16%
2001-02Roberto Bonano
16%
2002-03Roberto Bonano
16%
1996-97Vítor Baía
16%
1969-70Miguel Reina
15%
1970-71Miguel Reina
15%
1971-72Miguel Reina
15%
1972-73Miguel Reina
15%
1950-51Antoni Ramallets
9%
1951-52Antoni Ramallets
9%
1952-53Antoni Ramallets
9%
1954-55Antoni Ramallets
9%
1955-56Antoni Ramallets
9%
1956-57Antoni Ramallets
9%
1957-58Antoni Ramallets
9%
1958-59Antoni Ramallets
9%
1959-60Antoni Ramallets
9%
1960-61Antoni Ramallets
9%
1982-83Urruti
7%
1983-84Urruti
7%
1984-85Urruti
7%
1985-86Urruti
7%
1980-81Pedro Artola
5%
1981-82Pedro Artola
5%
1977-78Pedro Artola
5%
1978-79Pedro Artola
5%
1979-80Pedro Artola
5%
1966-67Salvador Sadurní
5%
1964-65Salvador Sadurní
5%
1963-64Salvador Sadurní
5%
1962-63Salvador Sadurní
5%
1967-68Salvador Sadurní
5%
1968-69Salvador Sadurní
5%
1973-74Salvador Sadurní
5%
1974-75Salvador Sadurní
5%
1961-62José Manuel Pesudo
4%
1965-66José Manuel Pesudo
4%
1975-76Pedro Valentín Mora
4%
1976-77Pedro Valentín Mora
4%
1953-54Juan Zambudio Velasco
3%

Score Distribution

Percentile by Number Answered

Percent of People with Each Score

Your Score History

You have not taken this quiz since the last reset